01015nac a22002411u 4500082001300000090001500013100003400028245012600062260004100188300003000229440004700259500002600306511002600332650004200358650003000400650003600430650003600466650003600502942001600538999001500554952010200569952010200671 a603bWAH c6255d6255 aAbd-El-Wahed, Anwar Ma  aTechnical dictionary. Metal forming:bEnglish-French-German-Arabic/cCompiled and Revised by Anwar Mahmoud Abd-el-Wahed aLeipzig; Cairo:bAl-Ahram,1978c1978 a133,253p.:bill.;c23 cm. aal-maajim al Technolozhiya Al Takhasusiyah adistributer: Al-Ahram acatalogued by: wessam aProduction engineeringv Dictionaries aMetal-workv Dictionaries aTechnologyxDictionaries Arabic aTechnologyvDictionaries French aTechnologyvDictionaries German cNBk603 WAH c6255d6255 00104070aMAINbMAINc1STd2007-11-19ePurchasel0o603 WAHp000007137r2025-07-15 00:00:00yNB 00104070aMAINbMAINc1STd2007-11-19ePurchasel0o603 WAHp000007138r2025-07-15 00:00:00yNB